|
|
|
|
| LEADER |
00000cam a2200000 i 4500 |
| 001 |
1/91063 |
| 008 |
991013s1996 gre d |
| 020 |
|
|
|a 960-525-004-7
|
| 035 |
|
|
|l 10053405
|
| 040 |
|
|
|a GR-MY-UA
|b gre
|e aacr
|
| 041 |
0 |
|
|a gre
|
| 082 |
0 |
|
|a 491.9
|
| 100 |
1 |
|
|a Θεοχαρίδης, Πέτρος Δ.
|
| 245 |
1 |
0 |
|a Γραμματική της πομάκικης γλώσσας /
|c Πέτρος Δ. Θεοχαρίδης
|
| 260 |
|
|
|a Θεσσαλονίκη :
|b Αίγειρος,
|c 1996
|
| 300 |
|
|
|a 240 σ.;
|c 24 εκ.
|
| 504 |
|
|
|a Παράρτημα φράσεις και κείμενα πομακοελληνικά-ελληνοπομάκικα, πομαχτσκου-ουρομτσκού, ουρουμτσκού-πομαχτσκού
|
| 650 |
0 |
0 |
|a Pomaks
|x Languages
|x Grammar.
|
| 852 |
|
|
|a INST
|b LESVOS
|e 19991013
|h 491.9 ΘΕΟ
|p 005100019062
|q 005100019062
|t BK
|y 0
|
| 852 |
|
|
|a INST
|b RHODES
|e 20080129
|h 491.9 ΘΕΟ
|p 005400030180
|q 005400030180
|t BK
|y 0
|
| 901 |
|
|
|a BIBL1-1999-3
|
| 901 |
|
|
|a BIBL4-2008-1
|
| 909 |
|
|
|a Λ
|b 069430
|
| 909 |
|
|
|a Ρ
|b 144390
|
| 922 |
|
|
|a 4ΕΛΗ
|b 200801
|c ΕΠΕΑΕΚ2/ΤΜΣ
|d Σ. ΠΑΤΑΚΗΣ
|
| 970 |
|
|
|a ΜΟΥΣΤΑΚΑ
|b ΠΗΝΕΛΟΠΗ
|z 1999/10/13
|